000 00626nam a2200205Ia 4500
008 090124s9999 xx 000 0 und d
020 _a81-7786-145-x
082 _b42175
100 _aभांड बाबा
245 _a तंटया भिल्ल
250 _a1
260 _bसाकेत प्रकाशन
_c2004
300 _a208
600 _aभांड बाबा
630 _a तंटया भिल्ल
700 _aदेशपांडे विश्र्वनाथ
700 _aभांड बाबा
730 _a तंटया भिल्ल
942 _cBOOK
999 _c108354
_d108354